|
|
|
|
| LEADER |
00907nab a2200217 i 4500 |
| 001 |
publ24086 |
| 005 |
20250422150859.0 |
| 008 |
220414s2020 hu o 000 hun d |
| 022 |
|
|
|a 0324-7228
|
| 024 |
7 |
|
|a 31675690
|2 mtmt
|
| 040 |
|
|
|a SZTE Publicatio Repozitórium
|b hun
|
| 041 |
|
|
|a hun
|
| 100 |
2 |
|
|a Gévayné Janurik Márta
|
| 245 |
1 |
2 |
|a A zenetanulás transzferhatásairól nemzetközi és hazai kutatások tükrében
|h [elektronikus dokumentum] /
|c Gévayné Janurik Márta
|
| 260 |
|
|
|c 2020
|
| 300 |
|
|
|a 77-94
|
| 490 |
0 |
|
|a VALÓSÁG: TÁRSADALOMTUDOMÁNYI KÖZLÖNY
|v 63 No. 7
|
| 650 |
|
4 |
|a Oktatástudomány
|
| 650 |
|
4 |
|a Művészetek (művészetek, művészettörténet, előadóművészetek, zene)
|
| 856 |
4 |
0 |
|u http://publicatio.bibl.u-szeged.hu/24086/1/transzfer_2020.pdf
|z Dokumentum-elérés
|
| 856 |
4 |
0 |
|u http://publicatio.bibl.u-szeged.hu/24086/3/31675690_c%C3%ADmlap_tartalom.pdf
|z Dokumentum-elérés
|